Score 0/13 Timer 02:00
0 Plays Today
Clue 5-Letter Word % Correct
'The Silence of the ___'LAMBS
98.3%
Arms and legsLIMBS
97.4%
Rented prom vehiclesLIMOS
97.1%
This feline animal can be Bengal or SiberianTIGER
91.7%
Author Allan Poe or Rice BurroughsEDGAR
86.5%
Yellow citrus fruit, in SpanishLIMÓN
84.2%
Disney's animated MeerkatTIMON
79.3%
Part of a bomb and ovenTIMER
76.2%
Tool for trimming the lawnEDGER
74.8%
Democratic Republic of ___-LesteTIMOR
69.1%
Sides of doorwaysJAMBS
68.9%
Swiss Alp called the 'Ogre'EIGER
65.8%
Author Joyce or AgeeJAMES
65.6%

Today's Daily Dose

Remove Ads.
Support Sporcle.
Get the best of Sporcle when you Go Orange. This ad-free experience offers more features, more stats, and more fun while also helping to support Sporcle. Thank you for becoming a member.

You're not logged in!

Compare scores with friends on all Sporcle quizzes.
OR
Log In

Show Comments

Extras

Top Quizzes Today


Score Distribution

Your Account Isn't Verified!

In order to create a playlist on Sporcle, you need to verify the email address you used during registration. Go to your Sporcle Settings to finish the process.

Report this User

Report this user for behavior that violates our Community Guidelines.

Details: